000 00526nam a2200181Ia 4500
005 20250508152921.0
008 008 250505s9999 xx 000 0 eng d
037 _aTextual
040 _aFEDL
_beng
_cFEDL
041 _aeng
_2eng
084 _a371.335, SHO
_qFEDL
100 _aShores Louis
245 0 _aInstructional materials : An introduction for teachers
260 _aNew York, USA
_bThe Ronald Press Company
_c1960
300 _av,408p
942 _cTEXL
_h371.335, SHO
999 _c1339606
_d1339606